000 00803cas a2200157 4500
008 170428n eng u
022 _a00425222
035 _a(Sirsi) a202665
050 _ahttp://www.jstor.org/subject/britstud
245 _aVictorian Studies
260 _aJSTOR
310 _aQuarterly
362 _aVol. 1 , No. 1 , 1957 - Vol. 59 , No. 1 , 2016
520 _aFor more than half a century, Victorian Studies has been devoted to the study of British culture of the Victorian age. It regularly includes interdisciplinary articles on comparative literature, social and political history, and the histories of education, philosophy, fine arts, economics, law, and science, as well as review essays and an extensive book review section.
650 _aBritish Studies
999 _c5887
_d5887